000 00520nam a2200181Ia 4500
005 20250326124642.0
008 250326s9999 xx 000 0 und d
037 _aTextbook
040 _aFMSL
_beng
_cFMSL
041 _aeng
_2eng
084 _aX:8ogD658(2:55) L33
_qFMSL
100 _aDew R B
_9737714
245 0 _aManagement control and information
_cDew R B; Gee K P
260 _aNY
_bNY, Macmillan
_c1973
300 _a120p
942 _cTB
_hX:8ogD658(2:55) L33
999 _c1274584
_d1274584